Vplyv medzinárodných ratingových agentúr na medzinárodné finančné trhy

Úloha ratingových agentúr (Credit Rating Agencies, CRA) z pohľadu teórie a ich reálne pripojenie na finančné trhy. Vývoj CRA ako systémového prvku globálneho finančného trhu.Trhová kapitalizácia dlhopisového trhu USA. Rozhodnutia ratingových agentúr a efekt nákazy. Dlhová kríza v Európe. Efekt nákaz...

Description complète

Enregistré dans:
Détails bibliographiques
Auteur principal: Sivák, Rudolf, 1955-
Format: Chapitre de livre
Langue:slovaque
Sujets:
Tags: Ajouter un tag
Pas de tags, Soyez le premier à ajouter un tag!

MARC

LEADER 00000naa$a2200000$$$4500
001 0181649
005 20240502073120.4
041 0 |a slo 
044 |a SK 
245 1 0 |a Vplyv medzinárodných ratingových agentúr na medzinárodné finančné trhy  |c Rudolf Sivák 
520 |a Úloha ratingových agentúr (Credit Rating Agencies, CRA) z pohľadu teórie a ich reálne pripojenie na finančné trhy. Vývoj CRA ako systémového prvku globálneho finančného trhu.Trhová kapitalizácia dlhopisového trhu USA. Rozhodnutia ratingových agentúr a efekt nákazy. Dlhová kríza v Európe. Efekt nákazy zo zmien suverénneho ratingu na príklade Grécka, Španielska, Portugalska a Nemecka. 
610 2 0 |a agentúry 
610 2 0 |a rating 
610 2 0 |a trh finančný 
610 2 0 |a papiere cenné 
610 2 0 |a dlhopisy 
610 2 0 |a dlhopisy štátne 
610 2 0 |a kapitalizácia 
610 2 0 |a emitenti 
610 2 0 |a kríza finančná 
100 1 |a Sivák, Rudolf, 1955-